| 000 | 01032cam a2200265 a 4500 | ||
|---|---|---|---|
| 003 | OSt | ||
| 005 | 20260206105334.0 | ||
| 008 | 951012s1996 mdua b 001 0 eng | ||
| 020 |
_a0801851572 _qhbk. : acid-free paper |
||
| 020 |
_a0801851580 _qpbk. : acid-free paper |
||
| 020 |
_a9780801851582 _q(pbk. : acid-free paper) |
||
| 040 |
_aKABLIB _cKABLIB _beng _erda |
||
| 082 | 0 | 0 |
_a321 _223 _bLIN |
| 100 | 1 |
_aLinz, Juan J. _q(Juan José), _915507 |
|
| 245 | 1 | 0 |
_aProblems of democratic transition and consolidation : _bsouthern Europe, South America, and post-communist Europe / _cJuan J. Linz and Alfred Stepan. |
| 260 |
_aBaltimore : _bJohns Hopkins University Press, _c1996. |
||
| 300 |
_axx, 479 p. : _bill. ; _c24 cm. |
||
| 504 | _aIncludes bibliographical references and index. | ||
| 650 | 0 |
_aDemocracy _xHistory _915365 |
|
| 650 | 0 |
_aDemocracy _zEurope, Southern. _915140 |
|
| 650 | 0 |
_aDemocracy _zSouth America. _915508 |
|
| 650 | 0 |
_aDemocracy _zEurope, Eastern. _915142 |
|
| 700 | 1 |
_aStepan, Alfred C. _915156 |
|
| 942 |
_2ddc _cBOOK |
||
| 999 |
_c6102 _d6102 |
||